Cien palabras para Chillida / (Record no. 196169)

MARC details
000 -LEADER
campo de control de longitud fija 02200nam a2200361 i 4500
001 - NÚMERO DE CONTROL
campo de control 196169
003 - IDENTIFICADOR DE NÚMERO DE CONTROL
campo de control ES-MaACL
005 - FECHA Y HORA DE LA ÚLTIMA TRANSACCIÓN
campo de control 20250825062656.0
008 - DATOS DE LONGITUD FIJA--INFORMACIÓN GENERAL
campo de control de longitud fija 240816s2012 sp |||| |||| 0|1 0bspa|
017 ## - NÚMERO DE COPYRIGHT O DE DEPÓSITO LEGAL
Número de copyright o de depósito legal DL SS 1173-2012
Agencia que asigna Oficina Depósito Legal San Sebastián
020 ## - NÚMERO INTERNACIONAL ESTÁNDAR DEL LIBRO
Número Internacional Estándar del Libro 9788461598724
035 ## - NÚMERO DE CONTROL DEL SISTEMA
Número de control de sistema 991060037431706706
040 ## - FUENTE DE CATALOGACIÓN
Centro catalogador/agencia de origen ES-BaBC
Lengua de catalogación cat
Normas de descripción rda
Centro/agencia transcriptor ES-BaBC
080 ## - NÚMERO DE LA CLASIFICACIÓN DECIMAL UNIVERSAL
Número de la Clasificación Decimal Universal 929 Chillida, Eduardo
Identificador de la edición 2004
245 00 - MENCIÓN DEL TÍTULO
Título Cien palabras para Chillida /
Mención de responsabilidad, etc. edición a cargo de Susanna Chillida.
264 #1 - PRODUCCIÓN, PUBLICACIÓN, DISTRIBUCIÓN, FABRICACIÓN Y COPYRIGHT
Producción, publicación, distribución, fabricación y copyright [Hernani] :
Nombre del de productor, editor, distribuidor, fabricante Fundación Eduardo Chillida-Pilar Belzunce,
Fecha de producción, publicación, distribución, fabricación o copyright 2012.
300 ## - DESCRIPCIÓN FÍSICA
Extensión 166 pág. :
Otras características físicas ilustraciones ;
Dimensiones 26 cm +
Material acompañante/anejo 1 folleto.
500 ## - NOTA GENERAL
Nota general En la cubierta: "Homenaje X aniversario"
504 ## - NOTA DE BIBLIOGRAFÍA, ETC.
Nota de bibliografía, etc. Índice
520 ## - RESUMEN, ETC.
Sumario, etc. En este libro se reúnen textos de cien personalidades del mundo de la cultura, la ciencia y el arte, así como de ciudadanos anónimos, en torno a la figura de Eduardo Chillida, con motivo del X aniversario de la desaparición del escultor vasco.<br/>Los arquitectos Norman Foster, Rafael Moneo y Álvaro Siza; el escritor John Berger; la psicóloga Elena Ochoa o los artistas Andrés Nagel y Agustín Ibarrola son algunos de quienes han querido “ponerse directamente en contacto” con Chillida para transmitirle sus impresiones y “dibujarle”, según señala Susana Chillida, como a un “hombre vivo”.
546 ## - NOTA DE IDIOMA
Nota de lengua/lenguaje Textos en español, inglés, alemán, francés y euskera, en el folleto anejo viene la traducción de todos los textos al español.
600 14 - PUNTO DE ACCESO ADICIONAL DE MATERIA--NOMBRE DE PERSONA
Nombre de persona Chillida, Eduardo,
Fechas asociadas al nombre 1924-2002
Fuente del encabezamiento o término lemac
9 (RLIN) 38518
655 #7 - TERMINO DE INDIZACIÓN--GENERO/FORMA
Fuente del término tgfbne
Datos o término principal de género/forma Libros ilustrados
9 (RLIN) 193653
700 0# - ENTRADA AGREGADA--NOMBRE PERSONAL
Nombre de persona Chillida, Susana
9 (RLIN) 38520
Término indicativo de función/relación Editor literario
700 1# - ENTRADA AGREGADA--NOMBRE PERSONAL
Nombre de persona Chillida, Eduardo,
Fechas asociadas al nombre 1924-2002
9 (RLIN) 38518
Término indicativo de función/relación Ilustrador
710 ## - ENTRADA AGREGADA--NOMBRE DE ENTIDAD CORPORATIVA
Nombre de entidad corporativa o nombre de jurisdicción como elemento de entrada Fons Joan Guinjoan (Biblioteca de Catalunya)
Institución que aplica el campo ES-BaBC
9 (RLIN) 238418
852 ## - LOCALIZACIÓN
Ubicación ES-MaACL
Número de control de estantería N-9240
Anotaciones manuscritas Dedicatoria autógrafa de Susana Chillida
Donativo/Legado Donación: Editorial
Encuadernación Encuadernación cartoné
itemnumber 205202
Ubicación en estantería Depósito J
942 ## - ELEMENTOS DE ENTRADA SECUNDARIOS (KOHA)
Tipo de ítem Koha Libro impreso
Suprimir en OPAC No
Holdings
Estatus retirado Estado de pérdida Fuente del sistema de clasificación o colocación Estado de daño No para préstamo Colección Biblioteca de origen Biblioteca actual Ubicación en estantería Fecha de adquisición Fuente de adquisición Total de préstamos Signatura topográfica completa Código de barras Visto por última vez Precio de reemplazo Tipo de ítem Koha
    Clasificación decimal universal     Libros con dedicatorias Biblioteca del Ateneo de Madrid Biblioteca del Ateneo de Madrid Depósito J 06/05/2025 Donación   N-9240 101229974 06/05/2025 06/05/2025 Libro impreso